Quizzes
Events
Quiz Creation
Community
Videos
Private Events
Remove Ads
Sign In
Join for FREE
Feedback
Dark Mode
Quiz Categories
Sports
Geography
Music
Movies
Television
Just For Fun
Miscellaneous
History
Literature
Language
Science
Gaming
Entertainment
Religion
Holiday
For Kids
Quiz Lab
Recent
Popular Today
Quiz Kudos Today
Editor Picks
Curator Picks
Quizzes by...
Day
Popularity
Type
Ratings
Length
Year
Community
Subscriptions
Recent Discussions
Orange Saloon
Badges
Playlists
Quests
Create
Leaderboards
Showdown
Live 5
Trivia Bingo
Activity
Puzzle Library
Sporcle Events
Private Events
Virtual Trivia
Globe League
Become a Host
Pub Owners
SporcleCon
Opinionation
Our Games
Videos
Blog
Mobile Apps
Partnerships
Remove Ads and Go Orange
Feedback
Geography
Country
Landmarks
City
State
Population
World
Capital
Continent
Flags
Europe
Africa
Asia
South America
North America
Oceania
Border
Canada
United Kingdom
Topography
United States
Geography
Country
Landmarks
City
State
Population
World
Capital
Continent
Flags
Europe
Africa
Asia
South America
North America
Oceania
Border
Canada
United Kingdom
Topography
United States
Random Quiz
Search Sporcle
×
Quiz Lab
Quiz Lab
Geography
City
Type in answers that appear in a list
Type in answers that appear in a list
Classic
Best Score? Go Orange.
Largest Cities per Island Stats
Can you name the most populous city on each island listed?
By
GeoExpert
7m
42 Questions
960 Plays
960 Plays
960 Plays
Comments
Comments
Give Quiz Kudos
Give Quiz Kudos
-
- Ratings
hide this ad
More Info
Forced Order
Answers have to be entered in order
Answers have to be entered in order
Random Order
Randomize order of answers
Randomize order of answers
Replay
Link that replays current quiz
Next Quiz
Link to next quiz in quiz playlist
You Got
0%
They Got
Avg Score
61%
Avg Friend Score
Upgrade to see
Score Distribution
Jump to the score distribution portion of the page
Score
0/42
Timer
07:00
0
Plays Today
Island
City
% Correct
Ireland
Dublin
95.7%
Great Britain
London
95%
Cuba
Havana
93.6%
Jamaica
Kingston
93%
Taiwan
Taipei
92.7%
Iceland
Reykjavik
91%
Java
Jakarta
89.8%
Honshu
Tokyo
89.5%
North Island (NZ)
Auckland
87.4%
Sri Lanka
Colombo
86.9%
Oah'u
Honolulu
81.8%
New Guinea
Port Moresby
80%
Puerto Rico
San Juan
79.4%
Madagascar
Antananarivo
79.3%
Hispaniola
Santo Domingo
78.5%
Sicily
Palermo
78.5%
South Island (NZ)
Christchurch
76.9%
Tasmania
Hobart
76.5%
Trinidad
Port-of-Spain
71.1%
Viti Levu (Fiji)
Suva
67.2%
Hokkaido
Sapporo
65.7%
Island
City
% Correct
Greenland
Nuuk
65.5%
Newfoundland
St. John's
62.7%
Isle of Man
Douglas
56.8%
Vancouver
Victoria
53.9%
Luzon
Quezon City
53.8%
Hawaii
Hilo
51.5%
Corsica
Ajaccio
49.2%
Gran Canaria (Canary Islands)
Las Palmas
48.9%
Sardinia
Cagliari
47.5%
Crete
Heraklion
45%
East Falkland
Stanley
39.1%
Sumatra
Medan
36%
Kyushu
Fukuoka
33.8%
Mindanao
Davao
32%
New Caledonia
Noumea
31.9%
Streymoy (Faroe Islands)
Torshavn
29.1%
Baffin
Iqaluit
28%
Spitsbergen (Svalbard)
Longyearbyen
27.2%
Sulawesi
Makassar
18.4%
Shikoku
Matsuyama
11.3%
Borneo
Banjarmasin
10.6%
Quiz Playlist
Details
Report
Send in Message
Add To Playlist
More Info:
Classic:
Type in answers that appear in a list
Forced Order:
Answers have to be entered in order
Random Order:
Randomize order of answers
Quiz Source
Last Updated: Mar 18, 2017
Quiz Scoreboard
CHALLENGE
Sign Up to Join the Scoreboard
Show All
Scores
Hide
Comments
May contain spoilers
Recently Published
9x9 Crossword: Cartoon Network
by jackfrog10
Miscellaneous
3m
College Basketball Coaching Resumes
by pancakes188
Sports
9m
Billboard Blitz: Fleetwood Mac
by CooCooCachoo
Music
15s
More to Explore
Quiz From the Vault
Featured Blog Post
Where Did the Easter Bunny Come From?
hide this ad
You Might Also Like...
Tags
City Quiz
island
largest
Today's Top Quizzes in Geography
Browse Geography
hide this ad
Today's Top Quizzes in City
Browse City
Top Contributed Quizzes in Geography
1
Countries of the World - No Outlines Minefield
2
Top 25 Cities of France on a map
3
Any capital of a 'B' country per Continent
4
Any capital of a 'C' country per Continent
5
Closest Countries to UK A-Z
6
Any capital of a 'D' country per Continent
7
5-to-1: US Geography No Hints
8
Any capital of an 'E' country per Continent
9
Any capital of an 'F' country per Continent
10
One Thing in Common: United Kingdom
Explore More
Trending Topics
Kpop
Marvel
Harry Potter
Crossword
Anime
Disney
NBA
WWE
Pokémon
The Office
NFL
Song
Soccer
Puzzle
Country
hide this ad
More By:
GeoExpert
Quiz
Plays
Rating
Category
Featured
Created
Seven Ways to Reach First Base
1,086,443
4.16
Sports
Sep 9, 2009
Most Visited Cities
390,037
4.23
Geography
Sep 1, 2009
Top 20 Cities of Germany on a Map
324,540
4.70
Geography
Sep 6, 2009
Cities and Countries
311,422
4.28
Geography
May 29, 2009
Top 20 Cities of Spain on a Map
255,176
4.52
Geography
Aug 18, 2009
Go to Creator's Profile
Score Distribution
Quiz Creator Spotlight
GeoExpert
Follow
Send a Message
Quizzes Created
-
Created Quiz Play Count
-
More By This Creator
Popular Quizzes Today
1
Find the US States - No Outlines Minefield
2
Find the Countries of Europe - No Outlines Minefield
3
The Countries of the World
4
Find the US States
5
Risky Map Clicking: Biggest States A-Z
6
US States
7
Popular People in 1961
8
Movies - When Are They Set?
More Geography Quizzes
Quick True/False: World Capitals IX
Published
Trending Quizzes
Risky Map Clicking: Least Populous States A-Z
1-10 Letter G Words
1-10 Letter F Words
Risky Map Clicking: Next State Alphabetically
Adjectives in 80s TV Shows
Recently Updated
Leaping Animals
pecheneg
Reality TV Shows (A-Z)
bhenderson79
Rickey Henderson's Hall of Fame Teammates
pecheneg
Champions League XIs: Arsenal
pecheneg
Quick Pick: Celebrities in WWE's Hall of Fame
aduchscher
A-Z Keypad Blitz II
pecheneg
Multiple Oscar Actors
pecheneg
Mystery Phrase Blitz: Oscar 'Best Actors'
pecheneg
F. Scott Fitzgerald Novels
LTH
Pick 3 Villains
ddd62291
Trending Topics
Crossword
NBA
Marvel
Harry Potter
Disney
Kpop
Anime
Pokémon
Song
Country
NFL
Puzzle
Soccer
WWE
The Office
Your Account Isn't Verified!
In order to create a playlist on Sporcle, you need to verify the email address you used during registration. Go to your
Sporcle Settings
to finish the process.
Report this User
Report this user for behavior that violates our
Community Guidelines
.
Details:
Send Report
Go to the Sporcle.com Mobile Site →
Comments